Principles Of Economics, (Record no. 5772)

MARC details
005 - DATE AND TIME OF LATEST TRANSACTION
control field 20250627170430.0
020 ## - INTERNATIONAL STANDARD BOOK NUMBER
International Standard Book Number 0-07- 250330-0
082 ## - DEWEY DECIMAL CLASSIFICATION NUMBER
Classification number 330 FRA.
100 ## - MAIN ENTRY--PERSONAL NAME
Author name FRANK, H. R.
245 ## - TITLE STATEMENT
Title Principles Of Economics,
250 ## - EDITION STATEMENT
Edition statement 2nd Ed.
260 ## - PUBLICATION, DISTRIBUTION, ETC.
Place of publication, distribution, etc. New York,
Name of publisher, distributor, etc. Mc Graw Hill Irwin,
Date of publication, distribution, etc. 2004.
300 ## - PHYSICAL DESCRIPTION
Extent xl.; 812p.; Ill.; picture,
Other physical details Index,
Dimensions 27cm.
700 ## - ADDED ENTRY--PERSONAL NAME
Other authors/Editors BERNANKE, B. S.
942 ## - ADDED ENTRY ELEMENTS (KOHA)
Source of classification or shelving scheme Dewey Decimal Classification
Koha item type Books
Holdings
Date last seen Total checkouts Full call number Barcode Cost, replacement price Price effective from Koha item type Lost status Source of classification or shelving scheme Damaged status Not for loan Withdrawn status Home library Current library Shelving location Date acquired Cost, normal purchase price
06/27/2025   330FRA DOM0002622 255000.00 06/27/2025 Books   Dewey Decimal Classification       CBE Dodoma CBE Dodoma General Collection 03/26/2009 85000.00